Personnalités mortes en 2020 - Statistiques

Statistiques générales
  • Ce quiz a été pris 86 fois
  • Le résultat moyen est 11 sur 22
Statistiques - réponses
Hint Réponse % Correct
Président de la République française de 1974 à 1981 Valéry Giscard d'Estaing
88%
Compagnon de René Gosciny dans la création des BD Astérix Albert Uderzo
79%
Sculpteur qui a emballé le Pont Neuf et l'arc de triomphe avec sa partenaire Jeanne-Claude Christo
77%
Il a chanté Les mots bleus ou Aline Christophe
76%
El Pibe de Oro, milieu offensif argentin parmi les meilleurs de l'histoire passé par Naples Diego Maradona
69%
Premier acteur incarnant James Bond au cinéma Sean Connery
68%
Chanteuse belge célebrissime pour Tata Yoyo Annie Cordy
67%
Directeur de cabaret français, reconnaissable à ses lunettes bleus Michou
63%
Joueur américain emblématique des Lakers, cinq fois champions de NBA Kobe Bryant
61%
Membre d'une dynastie de comédiens, il est célèbre pour ses rôle dans La boum ou Camping Claude Brasseur
53%
Humoriste et comédien à succès, père de Nicolas et Victoria, réalisateur et actrice Guy Bedos
53%
Mondialement célèbre pour ses compositions de musiques de film, cet italien a créé Chi Mai pour Le Professionnel Ennio Morricone
47%
Président de l'Olympique de Marseille de 2005 à 2009 Pape Diouf
43%
Figure du cinéma américain (césar et oscar d'honneur), dans les classiques Spartacus ou Les Vikings Kirk Douglas
41%
Avocate et militante franco-tunisienne, figure du féminisme en France Gisèle Halimi
39%
Emporté à 43 ans par le cancer, il a joué dans différents Marvel comme Black Panther ou Avengers Chadwick Boseman
36%
Président de la république d'Égypte de 1981 à 2011 Hosni Moubarak
29%
Écrivaine américaine reconnue comme la "reine du suspens" pour ses romans policiers Mary Higgins Clark
28%
"Muse de l'existentialisme", actrice et chanteuse de textes de Gainsbourg, Boris Via ou Ferré Juliette Gréco
24%
Chanteur et compositeur américain connu entre autres pour le fameux Ain't no sunshine Bill Withers
13%
Romancier britannique policier et d'espionnage, il écrit le best seller L'espion qui venait du froid John Le Carré
12%
Créateur de mode et homme d'affaire français dont la marque porte le nom, inventeur de la mode futuriste Pierre Cardin
9%
Aucun quiz correspondant
Distribution des résultats
% des personnes avec chaque résultat
Percentile par nombre de réponses
Votre historique - résultats
Vous n’avez pas pris ce quiz